000 00431nam a22001697a 4500
005 20251108170607.0
008 250721s1992 xx 000 0 eng d
082 1 4 _aF/ACH
100 1 _aACHEBE, CHINUA
245 1 0 _aTHINGS FALL A PART /
264 1 _aLONDON :
_bDAVID CAMPBELL PUBLISHERS LTD,
_c1992.
300 _a181P.
490 0 _aEVERYMAN'S LIBRARY;135
650 1 7 _aENGLISH FICTION
942 _2ddc
_cBK
999 _c44317
_d44317